00554nam a2200205Ia 4500001000600000003000900006008004100015040001300056040001300069100002100082100002900103245002400132245003500156250001100191260001100202260002800213260004500241650003100286650003100317 6758IT-RoPAU130308s9999 xx 000 0 und d aIT-RoPAU cIT-RoPAU aConsadori Silvio gCodice Aut. SPICS: 11345 aCena di Emmaus (La) bGesù nell'Arte Contemporanea a1a ed. aASSISI bPro Civitate Christiana c1964 [1° Ed.:1964 - Ed.Ling.Originale:] aAUTORI/OPERE DI ICONOLOGIA eCodice materia Spics: 5157